000 01835cam a22004454i 4500
003 PE-LiUPU
005 20250731165429.0
008 160212s1993 pe a jrm 000 0 spa d
035 _a(Sirsi) a156117
040 _aPE-LiUPU
_bspa
_cPE-LiUPU
_erda
099 _aTE 2
_bC88 1993
100 1 _aCruz Ucharico, Ana María
_eautor
245 1 _aErrores gramaticales en el lenguaje escrito de algunos periódicos de Lima Metropolitana /
_Ana María Cruz Ucharico.
264 0 _c1993.
300 _a216 hojas
_c30 cm
336 _atext
_2rdacontent
337 _aunmediated
_2rdamedia
338 _avolume
_2rdacarrier
502 _aTesis
_b(Lic.) --
_cUniversidad Peruana Unión,
_d1993.
504 _aIncluye referencias
520 3 _aEl Doctor Hernán Ramirez (miembro de la Academia Peruana de la Lengua) en la presentación que hace a Marco Ferrel de su libro "Manual de uso idiomático", expresa: como fuente principal de informaciones, la prensa escrita manifiesta permanente influencia en la sociedad contemporánea. Asimismo el profesor Humberto Santillán Arista expresa: "¡Cuánto daño hacen esos malos periodistas que, por desconocer la gramática y no estar habituados al manejo del diccionario, incurren en grandes errores que afectan a la pureza e índole del idioma.
526 _aSEG44
526 _aSEG26
526 _aP151
526 _aP150
526 _aP149
526 _aP146
526 _aP145
526 _aP126
526 _aP125
526 _aP92
526 _aP75
526 _aP74
526 _aP27
526 _aP15
650 0 4 _aPeriódicos peruanos
_xGramática.
596 _a1
942 _2ddc
_cTESIS
999 _aTE 2 C88 1993
_wALPHANUM
_c8800
_iT00129
_lCCODEBUL3
_mBUL
_r1
_sY
_tTESIS
_u2016-2-12
_xEDUCACION
_PP14
_o.STAFF. Tesis
_d8800
980 _81
_gALBERTO SANCHEZ Responsable de Automatización